000
00258nam a2200097Ia 4500
001
1001493
005
20250826230411.0
008
250824s9999 xx 000 0 und d
245
0
_a
BÜYÜMEK İSTEMİYORUM
_c
MİNE G.KIRIKKANAT
260
_b
KIRMIZI KEDİ ÇOCUK
999
_c
1001493
_d
1001493